000
00225nam a2200097Ia 4500
008
240331s9999 xx 000 0 und d
082
_b
HSU
100
_a
Hsueh-Chin, T
245
0
_a
Adream ofredmansions :
_b
Volume II
942
_c
L
999
_c
3357
_d
3357